| 000 | 01576nam a22003617a 4500 | ||
|---|---|---|---|
| 003 | DO-SdBNP | ||
| 005 | 20250829134030.0 | ||
| 008 | 110504s2012 dr ac 000 0 spa d | ||
| 020 | _a9789945882018 | ||
| 040 |
_aDO-SdBNP _bspa _cBNPHU _erda |
||
| 082 | 4 |
_a306.097293 _bC397a 2012 _222 |
|
| 110 | 2 |
_aCentro Cultural Eduardo León Jimenes _956909 |
|
| 245 | 1 | 0 |
_aAnuario 2011 : _bCentro León : plataforma de intercambios culturales / _cMaría Amalia León de Jorge, Rafael Emilio Yunén, Luis Felipe Rodríguez, Susan Jiménez, Ana Azcona ; fotografías, José Enrique Tavárez |
| 260 | _c2012. | ||
| 264 |
_aSantiago de los Caballeros, República Dominicana : _bCentro León, _c2012 |
||
| 300 |
_a63 páginas : _bilustraciones, retratos ; _c31 cm. |
||
| 336 |
_atexto _btxt _2rdacontent |
||
| 337 |
_asin mediación _bn _2rdamedia |
||
| 338 |
_avolumen _bnc _2rdacarrier |
||
| 590 | _aInventariado, 2022/ YL | ||
| 610 | 2 | 0 | _aCentro Cultural Eduardo León Jimenes |
| 650 | 7 |
_aArte _zRepública Dominicana _981690 _2LEMB |
|
| 650 | 7 |
_aCentros culturales _zRepública Dominicana _981691 |
|
| 650 | 7 |
_aCultura _zRepública Dominicana _91983 |
|
| 650 | 7 |
_aMuseos de arte _zRepública Dominicana _981692 |
|
| 700 | 1 | 2 |
_aLeón, María Amalia _eautor _957578 _4aut. |
| 700 | 1 | 2 |
_aYunén, Rafael Emilio _d1952- _eautor _92304 _4aut. |
| 700 | 1 | 2 |
_aRodríguez, Luis Felipe _eautor _917679 _4aut |
| 700 | 1 | 2 |
_aJiménez, Susan _eautor _981699 _4aut. |
| 700 | 1 | 2 |
_aTavárez, José Enrique _efotografías _976983 _4fot. |
| 910 | _aYLockward/Validado. Control de calidad MFF | ||
| 942 |
_2ddc _cLBS1 |
||
| 999 |
_c51821 _d51821 |
||